000 00331nam a22001337a 4500
008 181105b xxu||||| |||| 00| 0 eng d
020 _a0881335835
041 _aeng
080 _a371
100 _a46
101 _aEDU
245 _aOutdoor Adventure Activities for Schools and Recreation Programs
_cDarst, P.W
942 _2udc
_cBK
999 _c51895
_d51895